000 00582nam a2200229Ia 4500
003 OSt
005 20220924152405.0
006 a|||||r|||| 00| 0
007 ta
008 220923b |||||||| |||| 00| 0 mar d
024 _a342285
037 _cTextual
040 _aARTS
_cARTS
_bmar
041 _2mar
_amar
082 _aO155,3N196x, L5
100 _aGokhale S.V.
_9226535
245 0 _aGyaniyancha raja
260 _c1975
650 _aMARATHI LITERATURE
_938000
942 _hO155,3N196x, L5
_cTEXL
_2CC
999 _c469656
_d469656